Регионална библиотека "Любен Каравелов" - Русе

Невести на копнежа (Запис номер 155304)

MARC детайли
000 -Лидер
Контролно поле с фиксирана дължина 01474nam a2200361 c 4500
003 - Код на организацията, давaща контролен номер
Контролно поле BLK
005 - Дата и час на последна редакция
Контролно поле 20250113094109.0
008 - Елементи от данни с фиксирана дължина
fixed length control field 180410b bul|||||r ||||||| ||bul||
010 ## - Наследен системен номер
LC control number KNG00161978000
020 ## - Международен стандартен номер на книга ISBN
Международен стандартен номер на книга ISBN 978-954-365-044-6
-- издат.: Еднорог
040 ## - Източник на каталожния запис
Идентификатор на билиотеката - собственик на записа BLK
041 ## - Код за език
Код за езика на текст/звукозапис или на отделно заглавие Български
Код за езика КДБФ Български
072 #7 - Код за тематичната категория
Код организация bullib
Код за тематична категория Н83
Текст Чужда художествена литература Н
080 ## - УДК
Текстов определител УДК Англоканадска литература
УДК код - определител по УДК 821.111(71)
УДК определител -311.6
УДК - код + определител 821.111(71)-311.6
100 1# - Редна дума - Автор
Автор Андерсън, Пол
Авторска отговорност първи автор
R(LIN) 265054
139 ## - Редно поле
Редна дума Андерсън, Пол
Авторски знак Анд - А 65
245 10 - Сведения за заглавието
Заглавие Невести на копнежа
Подзаглавни данни Роман
Редно поле (дума) Пол Андерсън; прев. Боряна Ангелова Джанабетска; прев. Мариана Димитрова.
257 ## - Страна на издаване
Страна на създаване/издаване Канада
260 ## - Област на издателските данни
-- София
Име на издателя, разпространителя и проч. Еднорог
Година на издаване 2009
300 ## - Физическа характеристика
Страници 800 с.
Размери/Мащаб 20 см
380 ## - Жанр
Жанр Худож. лит.
500 ## - Общи забележки
Забележка Ориг. загл. Hunger's Brides / W. Paul Anderson.
653 ## - Ключова дума – ненормативна
Ключова дума исторически романи
659 ## - Тематичен бюлетин
Тематичен бюлетин Н
700 ## - Други автори (авторска отговорност)
Лично име Джанабетска, Боряна Ангелова, 1957-
9 (RLIN) 364686
700 1# - Други автори (авторска отговорност)
Лично име Димитрова, Мариана
Автороска отговорност (Описва отношението между автора и произведението) прев.
9 (RLIN) 375587
852 ## - Местоположение
Форматна сигнатура Цб 269348
856 4# - Електронен адрес и достъп
Електронен формат pdf - файл
Път до файла /url/
856 4# - Електронен адрес и достъп
Електронен формат pdf - файл
Път до файла /url/
942 ## - АРТИКУЛИ
Вид на библиотечния материал Книги
Скрит в OPAC Не
Koha issues (borrowed), all copies 15
944 ## - СЪЗДАВАНЕ И РЕДАКЦИЯ на ЗАПИСА
Създаване/Редакция Създаване
Дата на регистрацията/редакция 13.06.2014
Статус, дата на статуса Минев Младен
Служител, извършил регистрацията/редакцията 30530
944 ## - СЪЗДАВАНЕ И РЕДАКЦИЯ на ЗАПИСА
Създаване/Редакция Редакция
Дата на регистрацията/редакция 19.01.2017
Статус, дата на статуса ф /
Служител, извършил регистрацията/редакцията Людмила_Стоянова
999 ## - СИСТЕМНИ КОНТРОЛНИ НОМЕРА
Koha biblionumber 155304
Koha biblioitemnumber 155304
Наличности
Код за отписване Код за изгубен артикул Код за повреда Коз за рестрикции Код за отдаване Артикулен № Име на библиотеката - собственик Име на библиотеката, в която се намира в момента Статус (Текущо местоположение) Дата на вписване в системата Местоположение - отдел Цена в лева Инвентарен номер Систематично азбучна сигнатура Баркод Номер на екземпляра Цена в евро Служебна бележка Служебен тип на артикула Източник на класификационната схема
  Не е изгубен Не е повреден без рестрикции заемане за дома 260425 Регионална библиотека "Любен Каравелов" Русе Регионална библиотека "Любен Каравелов" Русе Заемна - подръчен фонд 2014-06-18 Заемна - подръчен фонд 5.00 120000778306 П 820(71)-31/А 65 120000778306 1 2.56 Дост: DA Вид: А N: 9 Дата: 18.06.2014 Дата инв: 14.02.2018 Бележки инв: П2018 Книги  
  Не е изгубен Не е повреден без рестрикции заемане за дома 260426 Регионална библиотека "Любен Каравелов" Русе Регионална библиотека "Любен Каравелов" Русе Заемна - подръчен фонд 2014-12-10 Заемна - подръчен фонд 5.00 120000783649 П 820(71)-31/А 65 120000783649 2 2.56 Дост: Pk Вид: Ф N: 422 Дата: 10.12.2014 Дата инв: 14.02.2018 Бележки инв: П2018 Книги Universal Decimal Classification
  Не е изгубен Не е повреден без рестрикции ползва се в читалня 260427 Регионална библиотека "Любен Каравелов" Русе Регионална библиотека "Любен Каравелов" Русе Хранилище 2015-11-07 Хранилище 16.90 120000794422 Цб 269348 120000794422 3 8.64 Дост: Dp Вид: Д N: 39 Дата: 09.09.2015 Книги  
  Не е изгубен Не е повреден без рестрикции заемане за дома 260428 Регионална библиотека "Любен Каравелов" Русе Регионална библиотека "Любен Каравелов" Русе Заемна - подръчен фонд 2016-12-21 Заемна - подръчен фонд 5.00 120000806975 П 820(71)-31/А 65 120000806975 4 2.56 Дост: Pk Вид: Ф N: 475 Дата: 19.12.2016 Дата инв: 20.02.2018 Бележки инв: П2018 Книги Universal Decimal Classification
Vip Innovations Ltd, Rousse, Bulgaria 2025